Statistiken für Länder mit den größten Wäldern

Klicken Sie hier um das Quiz zu spielen!

Allgemein

  • Dieses Quiz wurde 3,639 mal gespielt
  • Das Durchschnittsergebnis liegt bei 13 aus 20

Antwortstatistiken

km2 Land % Korrekt
8'149'305Russland
99%
4'935'380Brasilien
98%
3'470'690Kanada
97%
3'100'950Vereinigte Staaten
96%
2'083'213China
94%
706'820Indien
83%
1'247'510Australien
76%
1'525'780Demokratische
Republik Kongo
73%
585'017Kolumbien
72%
660'400Mexiko
71%
739'730Peru
71%
910'100Indonesien
70%
466'830Venezuela
65%
547'640Bolivien
63%
460'600Tansania
36%
578'560Angola
32%
290'410Myanmar
27%
335'590Papua-Neuguinea
24%
486'350Sambia
21%
379'400Mosambik
20%

Verteilung der Resultate

Perzentil nach korrekt beantworteten Fragen

Anzahl Personen mit jedem Resultat

Ihre Resultats-Entwicklung

Sie haben dieses Quiz noch nicht gespielt